000
00246nam a2200097Ia 4500
001
845794
005
20250826173327.0
008
250824s9999 xx 000 0 und d
245
0
_a
HALİKARNAS BALIKCISI
_c
ŞADAN GÖKOVALI
260
_b
DAMLA YAYINLARI
999
_c
845794
_d
845794